00491nam a2200145Ia 4500008004100000041000800041082001800049100002100067245004500088260002600133300003300159365001100192999001700203952012500220240624s9999 xx 000 0 und d aeng a333.31542 SIN aSINGH AJIT KUMAR aLAND POLICIES FOR EQUITY AND GROWTH TRAN c2014aNew DelhibSage axviii, : 408 : p. : cm. ; 22 cRSb38 c27394d27394 00104070aIMTNbIMTNcRack 12-Bd2016-05-02eAPg1095.00o333.31542 SINp27394r2024-06-24 00:00:00t1w2024-06-24yBK